000 00451cam a22001934a 4500
005 20250605164313.0
008 250528s ||||||||||||||||||||||||d
035 _a22590
020 _a9780582369733
040 _aGR-AtMCL
_bgre
_dGR-AtMCL
_eAACR2
245 1 _aBIOLOGICAL PSYCHOLOGY
250 _a1
260 _bPrentice Hall,
_c2001
300 _a650
700 1 _aToates Frederick
_93030
942 _cBK
999 _c7638
_d7638